Statystyki dla Największe miasto według państwa

Kliknij tutaj aby rozwiązać quiz!

Ogólne statystyki

  • Ten quiz został rozwiązany 5 458 razy
    (1 784 od ostatniego zresetowania)
  • Średni wynik to 87 z 209

Statystyki odpowiedzi

KrajMiasto% Poprawnych
AndoraAndora
87%
AlbaniaTirana
84%
PolskaWarszawa
84%
AustriaWiedeń
83%
Holandia (miasto)Amsterdam
81%
BiałoruśMińsk
80%
Belgia (aglomeracja)Bruksela
79%
ArgentynaBuenos Aires
79%
FrancjaParyż
79%
AustraliaSydney
78%
HiszpaniaMadryt
77%
CzechyPraga
77%
AlgieriaAlgier
75%
DaniaKopenhaga
75%
RosjaMoskwa
75%
BułgariaSofia
75%
JaponiaTokio
75%
GrecjaAteny
74%
ChorwacjaZagrzeb
74%
Niemcy (miasto)Berlin
73%
FinlandiaHelsinki
73%
EgiptKair
72%
IrlandiaDublin
71%
PortugaliaLizbona
71%
IslandiaReykjavík
71%
Bośnia i HercegowinaSarajewo
71%
EstoniaTallinn
71%
AzerbejdżanBaku
70%
AfganistanKabul
70%
NorwegiaOslo
70%
ŁotwaRyga
70%
LitwaWilno
70%
Stany ZjednoczoneNowy Jork
69%
RumuniaBukareszt
68%
Korea PołudniowaSeul
68%
Wielka BrytaniaLondyn
67%
MeksykMeksyk
67%
Cypr (aglomeracja)Nikozja
67%
SłowacjaBratysława
66%
Izrael (miasto)Jerozolima
66%
UkrainaKijów
66%
LuksemburgLuksemburg
66%
Włochy (miasto)Rzym
66%
SzwecjaSztokholm
66%
WęgryBudapeszt
65%
PeruLima
64%
MonakoMonako
64%
Arabia SaudyjskaRijad
64%
WatykanWatykan
64%
ChileSantiago
63%
IranTeheran
63%
CzarnogóraPodgorica
62%
TurcjaStambuł
62%
Chiny (miasto)Szanghaj
62%
SerbiaBelgrad
61%
MołdawiaKiszyniów
61%
BrazyliaSao Paulo
61%
ArmeniaErywań
60%
KosowoPrisztina
60%
Indie (aglomeracja)Delhi
59%
KubaHawana
59%
Macedonia PółnocnaSkopje
59%
KolumbiaBogota
58%
IndonezjaDżakarta
58%
SłoweniaLublana
58%
Korea PółnocnaPjongjang
58%
KanadaToronto
58%
SingapurSingapur
56%
Zjednoczone
Emiraty Arabskie
Dubaj
55%
Filipiny (aglomeracja)Manila
55%
Holandia (aglomeracja)Rotterdam
55%
GruzjaTbilisi
55%
IrakBagdad
54%
MongoliaUłan Bator
54%
Belgia (miasto)Antwerpia
52%
BangladeszDhaka
52%
TajlandiaBangkok
51%
PanamaPanama
51%
SzwajcariaZurych
51%
JamajkaKingston
50%
Saint Vincent i
Grenadyny
Kingstown
50%
KuwejtKuwejt
50%
Izrael (aglomeracja)Tel Awiw-Jafa
50%
KatarDoha
49%
Ekwador (miasto)Quito
49%
TunezjaTunis
49%
Syria (aglomeracja)Damaszek
48%
Południowa AfrykaJohannesburg
48%
Indie (miasto)Mumbaj
48%
KeniaNairobi
48%
Włochy (aglomeracja)Mediolan
47%
LibanBejrut
46%
Demokratyczna
Republika Konga
Kinszasa
46%
MalezjaKuala Lumpur
46%
UrugwajMontevideo
46%
SenegalDakar
44%
EtiopiaAddis Abeba
43%
MadagaskarAntananarywa
43%
LibiaTrypolis
43%
WenezuelaCaracas
42%
MarokoCasablanca
42%
GwatemalaGwatemala
42%
NigeriaLagos
42%
AngolaLuanda
42%
JordaniaAmman
41%
DżibutiDżibuti
41%
Chiny (aglomeracja)Kanton
41%
NepalKatmandu
39%
MalediwyMale
38%
JemenSana
38%
DominikanaSanto Domingo
38%
GhanaAkra
36%
Sudan (aglomeracja)Chartum
36%
HaitiPort-au-Prince
36%
Nowa ZelandiaAuckland
35%
ParagwajAsuncion
34%
BahamyNassau
34%
KostarykaSan Jose
34%
KirgistanBiszkek
33%
BahrajnManama
33%
KambodżaPhnom Penh
31%
Gwinea BissauBissau
30%
GujanaGeorgetown
30%
LaosWientian
30%
KazachstanAłmaty
29%
WietnamHo Chi Minh
29%
SalwadorSan Salvador
29%
UzbekistanTaszkent
29%
KongoBrazzaville
28%
PakistanKaraczi
28%
OmanMaskat
28%
SomaliaMogadiszu
28%
BhutanThimphu
28%
CzadNdżamena
27%
TadżykistanDuszanbe
26%
BotswanaGaborone
26%
HondurasTegucigalpa
26%
GabonLibreville
25%
Papua-Nowa GwineaPort Moresby
25%
BruneiBandar Seri Begawan
24%
BelizeBelize City
24%
Sierra LeoneFreetown
24%
Burkina FasoWagadugu
24%
ErytreaAsmara
23%
Timor WschodniDili
23%
Sri LankaKolombo
23%
FidżiSuva
23%
TurkmenistanAszchabad
22%
MaliBamako
22%
BarbadosBridgetown
22%
Kamerun (aglomeracja)Jaunde
22%
UgandaKampala
22%
ZambiaLusaka
22%
NikaraguaManagua
22%
LiberiaMonrovia
22%
SurinamParamaribo
22%
Sudan PołudniowyDżuba
21%
RwandaKigali
21%
TogoLome
21%
NigerNiamey
21%
NamibiaWindhuk
21%
TanzaniaDar es Salaam
20%
ZimbabweHarare
20%
GwineaKonakry
20%
MozambikMaputo
20%
MauretaniaNawakszut
20%
Antigua i BarbudaSaint John’s
20%
SeszeleVictoria
20%
Gambia (aglomeracja)Bandżul
19%
Cypr (miasto)Limassol
19%
Syria (miasto)Aleppo
18%
EswatiniMbabane
18%
DominikaRoseau
18%
Wyspy Świętego
Tomasza i Książęca
Sao Tome
18%
MalawiLilongwe
17%
SamoaApia
16%
Republika
Środkowoafrykańska
Bangi
16%
LesothoMaseru
16%
MauritiusPort Louis
16%
Republika Zielonego
Przylądka
Praia
16%
GrenadaSaint George's
16%
Wybrzeże Kości
Słoniowej
Abidżan
15%
BurundiBużumbura
15%
KomoryMoroni
15%
Saint LuciaCastries
13%
Wyspy SalomonaHoniara
13%
BoliwiaSanta Cruz
13%
KiribatiTarawa Południowa
13%
Saint Kitts i NevisBasseterre
12%
TongaNuku'alofa
12%
VanuatuPort Vila
12%
MjanmaRangun
12%
Ekwador (aglomeracja)Guayaquil
11%
TuvaluFunafuti
10%
San MarinoDogana
9%
BeninKotonu
9%
Wyspy MarshallaMajuro
9%
Filipiny (miasto)Quezon City
9%
Kamerun (miasto)Duala
8%
LiechtensteinSchaan
8%
TajwanNowe Tajpej
7%
Sudan (miasto)Omdurman
7%
Gwinea RównikowaBata
6%
PalauKoror
5%
MaltaSaint Paul's Bay
5%
Gambia (miasto)Brikama
4%
Trynidad i TobagoChaguanas
4%
MikronezjaWeno
4%
NauruDenigomodu
3%

Rozkład punktacji

Percentyl według liczby udzielonych odpowiedzi

Procent ludzi z każdym wynikiem

Twoja historia wyników

Nie rozwiązałeś tego quizu od ostatniego zresetowania